000 00295nam a22001337a 4500
008 170616b xxu||||| |||| 00| 0 eng d
020 _a0887061265
041 _aeng
080 _a32
100 _a20
101 _aSHP
245 _aIRAN A REVOLUTION IN TURMOL
_cAFSHAR.H
942 _2udc
_cBK
999 _c17790
_d17790